| Tag |
First Indicator |
Second Indicator |
Subfields |
| LEADER |
00000cam a2200000 i 4500 |
| 001 |
in00000052496 |
| 005 |
20151007072108.0 |
| 008 |
791227s1980 nyua b 00110 eng |
| 010 |
|
|
|a 79005533
|
| 020 |
|
|
|a 039450898X :
|c $10.00
|
| 035 |
|
|
|a (OCoLC)05892200
|
| 035 |
|
|
|9 AAE7223AM
|
| 040 |
|
|
|a DLC
|c DLC
|d m.c.
|d TXA
|d UtOrBLW
|
| 049 |
|
|
|a TXAM
|c 1 [1405749], 2 [1502619]
|
| 050 |
0 |
0 |
|a GV1061
|b .F56
|
| 082 |
0 |
|
|a 796.4/26
|
| 100 |
1 |
|
|a Fixx, James F.
|
| 240 |
1 |
0 |
|a Second book of running
|
| 245 |
1 |
0 |
|a Jim Fixx's Second book of running :
|b the all-new companion volume to The complete book of running /
|c James F. Fixx.
|
| 250 |
|
|
|a 1st ed.
|
| 264 |
|
1 |
|a New York :
|b Random House,
|c [1980]
|
| 264 |
|
4 |
|c ©1980
|
| 300 |
|
|
|a xvi, 239 pages :
|b illustrations ;
|c 24 cm.
|
| 336 |
|
|
|a text
|b txt
|2 rdacontent
|
| 337 |
|
|
|a unmediated
|b n
|2 rdamedia
|
| 338 |
|
|
|a volume
|b nc
|2 rdacarrier
|
| 500 |
|
|
|a Includes index.
|
| 504 |
|
|
|a Bibliography: pages [209]-233.
|
| 650 |
|
0 |
|a Running.
|
| 650 |
|
0 |
|a Jogging.
|
| 999 |
|
|
|a MARS
|
| 999 |
f |
f |
|s 410eac0c-1d3d-323a-bc35-806713e9f089
|i cbfe7424-2f4d-3620-a515-dd6d67615230
|t 0
|
| 952 |
f |
f |
|p ric
|a Texas A&M University
|b Rellis Campus
|c Joint Library Facility
|d Remote Storage
|t 0
|e GV1061 .F56
|h Library of Congress classification
|i unmediated -- volume
|m A14806117145
|
| 998 |
f |
f |
|a GV1061 .F56
|t 0
|l Remote Storage
|